Science Quiz

Random Science or Physics Quiz

1927 Solvay Conference Quiz Stats

 Plays Quiz Updated Nov 5, 2018

Challenge
Share
Tweet
Score 0/29 Timer 10:00
0 Plays Today
% Correct
Albert Einstein
98.3%
Marie Curie
56.6%
Niels Bohr
54.2%
Max Planck
37.2%
Werner Heisenberg
34%
Erwin Schrödinger
31.7%
Wolfgang Pauli
21.6%
Paul Dirac
21%
Louis de Broglie
16.2%
Max Born
13.9%
Hendrik Lorentz
13.1%
Charles Wilson
10.2%
Arthur Compton
8.8%
Peter Debye
8.6%
William Bragg
8.4%
% Correct
Auguste Piccard
7.1%
Paul Ehrenfest
6.9%
Owen Richardson
6.5%
Paul Langevin
5.9%
Irving Langmuir
5.6%
Ralph Fowler
5.3%
Hendrik Kramers
5.3%
Charles Guye
5.1%
Léon Brillouin
5.1%
Émile Henriot
5.1%
Martin Knudsen
5%
Édouard Herzen
4.9%
Théophile de Donder
4.6%
Jules-Émile Verschaffelt
3.9%

You're not logged in!

Compare scores with friends on all Sporcle quizzes.
OR
Log In

You Might Also Like...

Show Comments

Extras

Top Quizzes Today


Score Distribution

Your Account Isn't Verified!

In order to create a playlist on Sporcle, you need to verify the email address you used during registration. Go to your Sporcle Settings to finish the process.

Report this User

Report this user for behavior that violates our Community Guidelines.

Details: